000
00302nam a22001337a 4500
008
170613b xxu||||| |||| 00| 0 eng d
020
_a
9781608717972
041
_a
eng
080
_a
328
100
_a
19
101
_a
SHP
245
_a
THE POLITICS OF THE PRESIDENCY
_c
PIKA.J.J
942
_2
udc
_c
BK
999
_c
17164
_d
17164